=LDR 00000nam 2200000 4500 =001 INLIS000000000024532 =005 20130612123119 =008 ***********************************Ind** =035 ##$$0010-061300000024532 =041 ##$$a Ind =082 ##$$a 746.44 =090 ##$$a 746.44, Dar s =100 ##$$a Darsono, Harry =245 ##$$a Seni sulam, Harry Darsono =260 ##$$a 1992 $b Jakarta =300 ##$$a 226 hlm, ilus, 23 cm =650 ##$$a Seni Sulam =850 ##$$a NBPNMAT